Littératures francophones d'Europe: Anthologie

সংরক্ষণ করুন:
গ্রন্থ-পঞ্জীর বিবরন
বিন্যাস: গ্রন্থ
ভাষা:Undetermined
প্রকাশিত: París, Francia Nathan 1997
বিষয়গুলি:
ট্যাগগুলো: ট্যাগ যুক্ত করুন
কোনো ট্যাগ নেই, প্রথমজন হিসাবে ট্যাগ করুন!

MARC

LEADER 00000nam a2200000Ia 4500
008 170316s9999 xx 000 0 und d
040 |a cru BVZT 
090 |a A-840 L-3.3L 
245 |a Littératures francophones d'Europe: Anthologie 
260 |a París, Francia 
260 |b Nathan 
260 |c 1997 
300 |a 256 páginas 
650 |a LITERATURA FRANCESA 
650 |a ANTOLOGÍA 
650 |a EN IDIOMA FRANCÉS 
650 |a LITERATURA FRANCOFONA - EUROPA 
999 |c 12428  |d 12428 
942 |c 15 D  |h A-840 L-3.3L  |2 z